| 000 | 01116nam a2200301Ia 4500 | ||
|---|---|---|---|
| 001 | ebr10054288 | ||
| 003 | CaPaEBR | ||
| 006 | m u | ||
| 007 | cr cn||||||||| | ||
| 008 | 020925s2002 ohua s 001 0 eng d | ||
| 010 | _z 2002113702 | ||
| 020 | _z1929685610 | ||
| 040 |
_aCaPaEBR _cCaPaEBR |
||
| 035 | _a(OCoLC)70773481 | ||
| 050 | 1 | 4 |
_aML74.4.L6 _bB46 2002eb |
| 100 | 1 | _aBennett, Stephen. | |
| 245 | 1 | 0 |
_aUser's guide to logic audio 5 _h[electronic resource] / _cStephen Bennett. |
| 246 | 3 | _aUser's guide to logic audio five | |
| 260 |
_aCincinnati, OH : _bMuska & Lipman, _c2002. |
||
| 300 |
_av, 345 p. : _bill. |
||
| 500 | _aIncludes index. | ||
| 533 |
_aElectronic reproduction. _bPalo Alto, Calif. : _cebrary, _d2009. _nAvailable via World Wide Web. _nAccess may be limited to ebrary affiliated libraries. |
||
| 650 | 0 | _aSoftware sequencers. | |
| 650 | 0 | _aComputer sound processing. | |
| 655 | 7 |
_aElectronic books. _2local |
|
| 710 | 2 | _aebrary, Inc. | |
| 856 | 4 | 0 |
_uhttp://site.ebrary.com/lib/rucke/Doc?id=10054288 _zAn electronic book accessible through the World Wide Web; click to view |
| 999 |
_c65280 _d65280 |
||